000 00435nam a22001697a 4500
003 CEME
005 20210628210416.0
008 210208b xxu||||| |||| 00| 0 eng d
040 _c.
082 _a891.4393 MUZ
100 _aWarsi, Muzaffar Muzaffar Warsi
_979207
245 _aKhulay darechay bund hawa
260 _aLAHORE
_bALQAMAR ENETERPRISES
_c1993
300 _a255P
650 _aURDU ADAB-POETRY
_928226
942 _cBK
_2ddc
999 _c584328
_d584328